| 000 | 01103nmc a2200325 a 4500 | ||
|---|---|---|---|
| 003 | AR-BaBNM | ||
| 005 | 20251128210330.0 | ||
| 008 | 011101s1993 ||||||||||||||000 | spa|| | ||
| 020 | _a84-7506-386-1 | ||
| 040 | _cAR-BaBNM | ||
| 100 | 1 |
_aVega, Lope de _d1562-1635 |
|
| 245 | 1 | 0 |
_aObras completas de Lope de Vega _bcomedias. 3 ; El hijo venturoso ; La infanta desesperada ; Ursón y Valentín ; El principe melancólico ; La traición bien acertada ; El Grao de Valencia ; Los amores de Albanio y Ismenia ; El dómine Lucas ; La ingratitud vengada ; Los locos de Valencia |
| 260 |
_aMadrid _bTurner Libros _c1993 |
||
| 300 | 1 | _axiv, 923 p. | |
| 490 | 0 |
_aBiblioteca Castro _vv. 14 |
|
| 650 | 4 | _aLITERATURA ESPANOLA | |
| 650 | 4 | _aTEATRO POPULAR | |
| 650 | 4 | _aMISTICISMO | |
| 650 | 4 | _aCOMEDIA | |
| 650 | 4 | _aREALISMO | |
| 653 | 0 | _aSIGLO DE ORO | |
| 653 | 0 | _aCOSTUMBRISMO | |
| 653 | 0 | _aBARROCO | |
| 655 | _aLITERATURA | ||
| 700 | 1 |
_aGómez, Jesús _eprologuista |
|
| 700 | 1 |
_aCuenca, Palomo _eprologuista |
|
| 800 | 1 |
_aArroyo Stephens, Manuel _eeditor |
|
| 942 | _cBK | ||
| 998 | _cMARTIN | ||
| 999 |
_c15002 _d15002 |
||